Encounters with chaos (Record no. 2776)

000 -LEADER
fixed length control field 00585nam a2200217 a 4500
001 - CONTROL NUMBER
control field 2776
003 - CONTROL NUMBER IDENTIFIER
control field BD-DhUET
008 - FIXED-LENGTH DATA ELEMENTS--GENERAL INFORMATION
fixed length control field 911030s1992 nyuaf b 001 0 eng
020 ## - INTERNATIONAL STANDARD BOOK NUMBER
International Standard Book Number 0071129278
040 ## - CATALOGING SOURCE
Original cataloging agency DLC
Transcribing agency DLC
Modifying agency BD-DhUET
082 00 - DEWEY DECIMAL CLASSIFICATION NUMBER
Classification number 003.7
Item number GUL/1992
100 ## - MAIN ENTRY--PERSONAL NAME
Personal name Gulick, Denny
245 10 - TITLE STATEMENT
Title Encounters with chaos
250 ## - EDITION STATEMENT
Edition statement 1st ed.
260 ## - PUBLICATION, DISTRIBUTION, ETC. (IMPRINT)
Place of publication, distribution, etc. New York
Name of publisher, distributor, etc. McGraw-Hill
Date of publication, distribution, etc. 1992
300 ## - PHYSICAL DESCRIPTION
Extent xii, 308 p.
Other physical details ill. (some col.)
Dimensions 25 cm.
490 ## - SERIES STATEMENT
Series statement Mathematics and Statistics Series
504 ## - BIBLIOGRAPHY, ETC. NOTE
Bibliography, etc Includes bibliographies
650 #0 - SUBJECT ADDED ENTRY--TOPICAL TERM
Topical term or geographic name as entry element Chaotic behavior in systems
942 ## - ADDED ENTRY ELEMENTS (KOHA)
Koha item type General Book
Holdings
Koha full call number Sublocation or collection (holding branch) Piece designation (barcode) Koha date last seen Location (home branch) Lost status Withdrawn status Damaged status Date acquired Koha normalized classification for sorting Copy number Not for loan Source of classification or shelving scheme Koha item type Shelving location Price effective from
003.7/GUL/1992Central Library, BUET944872014-10-01Central Library, BUET   2014-10-01003_000000000000000_7GUL19921  General BookCirculation section2014-10-01
003.7/GUL/1992Central Library, BUET944882014-10-01Central Library, BUET   2014-10-01003_000000000000000_7GUL19922  General BookCirculation section2014-10-01
003.7/GUL/1992Central Library, BUET944862015-06-06Central Library, BUET   2015-06-06003_700000000000000_GUL_19923  General BookReading section2015-06-06